|
|
|
|
| LEADER |
00000nam a22000007a 4500 |
| 005 |
20200723230210.0 |
| 007 |
cr|||| |||| |
| 008 |
200723s2015 br |||||s|||| 00||0 por d |
| 020 |
|
|
|a 9788582480649
|
| 035 |
|
|
|a 31868
|
| 040 |
|
|
|a vLex
|
| 090 |
|
|
|c 10701
|d 10701
|
| 100 |
1 |
|
|a Ribeiro Meyer-Pflug, Samantha
|
| 245 |
1 |
0 |
|a Seminr̀io de pesquisa em Direito da UNINOVE
|h [Recurso electrn̤ico] /
|c Samantha Ribeiro Meyer-Pflug, Adriana Silva Maillart
|
| 256 |
|
|
|a Servicio en ln̕ea
|
| 260 |
|
|
|a San Pablo:
|b Letras Jurídicas Editora,
|c 2015
|
| 300 |
|
|
|a 1 recurso electrn̤ico
|
| 500 |
|
|
|a A Diretoria de Pesquisa em Direito da Universidade Nove de Julho tem por finalidade precp̕ua incentivar a pesquisa cientf̕ica tanto na graduaȯ̂ quanto no mestrado. Nesse sentido, tem realizado palestras com professores nacionais e internacionais discutindo temas atuais e relevantes para a Cin̊cia Jurd̕ica, bem como incentivado a participaȯ̂ de alunos e docentes em Congressos, Seminr̀ios e Encontros tanto no Brasil como no exterior. No ano de 2013, por exemplo, a UNINOVE foi anfitri ̂do XXII Congresso Nacional do Conselho Nacional de Pesquisa e Ps̤-Graduaȯ̂ em Direito – CONPEDI, cujo tema era “Sociedade Global e seus Impactos sobre o Estudo e a Efetividade do Direito na Contemporaneidade”
|
| 506 |
1 |
|
|a Disponible solo en los productos indicados
|d vLex Global
|d vLex Global (Academic Edition, excluding Law Schools)
|d vLex Global (U.S. Academic Edition, Law Schools)
|d vLex Global (U.S. Academic Edition, excluding Law Schools)
|d vLex Global (Academic Edition, Law Schools)
|
| 650 |
0 |
4 |
|a Derecho Pb︢lico y Administrativo
|z Brasil
|
| 700 |
1 |
|
|a Maillart, Adriana Silva
|
| 740 |
0 |
|
|a vLex Libros (Servicio en ln̕ea)
|
| 856 |
4 |
0 |
|u http://vlex.com/source/seminario-de-pesquisa-em-direito-da-uninove-31868
|z Acceso restringido
|
| 942 |
|
|
|c BOOK
|
| 999 |
0 |
|
|a Public and Administrative Law
|